| 000 | 03616cam a22004098i 4500 | ||
|---|---|---|---|
| 001 | 22360224 | ||
| 005 | 20250618112759.0 | ||
| 008 | 211223s2022 enk b 001 0 eng | ||
| 010 | _a 2021055255 | ||
| 020 |
_a9781032004693 _q(hardback) |
||
| 020 | _a9781003174293 | ||
| 020 |
_z9781003174295 _q(ebook) |
||
| 038 | _aMalang jan | ||
| 040 |
_aDLC _beng _erda _cDLC |
||
| 042 | _apcc | ||
| 050 | 0 | 0 |
_aNA2000 _b.C74 2022 |
| 082 | 0 | 0 |
_a720.72 _223/eng/20220411 |
| 245 | 0 | 0 |
_aCreative practice inquiry in architecture / _cedited by Ashley Mason and Adam Sharr. |
| 263 | _a2206 | ||
| 264 | 1 |
_aAbingdon, Oxon : _bRoutledge, _c2022. |
|
| 300 |
_a282 p.: _bill.; _c24 cm. |
||
| 336 |
_atext _btxt _2rdacontent |
||
| 337 |
_aunmediated _bn _2rdamedia |
||
| 338 |
_avolume _bnc _2rdacarrier |
||
| 504 | _aIncludes bibliographical references and index. | ||
| 505 | 2 | _aExposition and the staging of encounter: on assessing unconventional research outputs / Rolf Hughes -- Archival practices -- Office practices -- Building practices -- Studio practices -- Machine practices -- Out of bounds: methods and outputs of the architect-researcher / Katie Lloyd Thomas. | |
| 520 |
_a"This collection introduces, illustrates, and advances fresh ideas about creative practice inquiry in architecture. It concerns architectural knowledge: how architects can use their distinctive skills, habits, and values to advance professional insight, and how such insights can be extended to make wider contributions to society, culture, and scholarship. It shows how architectural ways of knowing and working can be mobilised as tools for research. Collected here are a series of creative practices that emerge out of architecture and actively engage with other fields and methods reaching across the academic landscape. Architectural inquiries collected in this book probe matters that lie beyond the obvious expectations, the conventions, the default, of the discipline. Drawing, borrowing, adapting, dramatising, perhapsing, monstering, experimenting, cartooning-the tools and methods of each inquiry vary but they all share a common outward gaze, engaging architectural ways of knowing with other disciplines and practices including the arts, biological sciences, ethnography, and technology. Chapters gathered here offer insight not only into incipient modes and tools of architectural research, but emerging ethical, practical, and philosophical positions intimately tied to the creative practices involved. Setting-out the idea of creative practice inquiry in architecture, this innovative volume offers a lively and resourceful contribution to a growing body of work on design as research. It will be of interest to: students keen to pursue architectural ways of thinking and writing; practitioners who want to use their distinctive professional abilities to contribute to architectural and scholarly knowledge; and academics and doctoral candidates keen to engage with the burgeoning scholarly field of design research"-- _cProvided by publisher. |
||
| 650 | 0 |
_aArchitecture _xResearch. _932327 |
|
| 650 | 0 |
_aResearch _xMethodology. |
|
| 700 | 1 |
_aMason, Ashley, _eeditor. _9129145 |
|
| 700 | 1 |
_aSharr, Adam, _eeditor. _9129146 |
|
| 776 | 0 | 8 |
_iOnline version: _tCreative practice inquiry in architecture _dAbingdon, Oxon : Routledge, 2022 _z9781003174295 _w(DLC) 2021055256 |
| 906 |
_a7 _bcbc _corignew _d1 _eecip _f20 _gy-gencatlg |
||
| 942 |
_2ddc _cBK _h720.72 |
||
| 999 |
_c613866 _d613866 |
||